Pokémon - Les attaques de Draby - Statistiques

Statistiques générales
  • Ce quiz a été pris 11 fois
  • Le résultat moyen est 12 sur 13
Statistiques - réponses
Niveaux Types Noms des attaques % Correct
Niveau 50 Dragon Colère
100%
Niveau 15 Normal Coup d'Boule
100%
Niveau 55 Normal Damoclès
100%
Niveau 31 Dragon Draco-Griffe
100%
Niveau 10 Dragon Draco-Souffle
100%
Départ Feu Flammèche
100%
Départ Normal Groz'Yeux
100%
Niveau 45 Feu Lance-Flammes
100%
Niveau 25 Ténèbres Mâchouille
100%
Niveau5 Ténèbres Morsure
100%
Niveau 35 Psy Psykoud'Boul
80%
Niveau 40 Normal Puissance
60%
Niveau 20 Normal Grimace
40%
Aucun quiz correspondant
Distribution des résultats
% des personnes avec chaque résultat
Percentile par nombre de réponses
Votre historique - résultats
Vous n’avez pas pris ce quiz